| 000 | 00349nam a22001577a 4500 | ||
|---|---|---|---|
| 999 |
_c532324 _d532324 |
||
| 003 | NUST | ||
| 005 | 20191118111241.0 | ||
| 008 | 191118b ||||| |||| 00| 0 eng d | ||
| 038 | _aMSOHAIL | ||
| 082 | _a0 | ||
| 100 |
_aMICA _925770 |
||
| 245 |
_aNorth America MICA: _bPMS-II, |
||
| 260 |
_aUSA _bMICA _cc1984 |
||
| 300 | _a;v.p | ||
| 942 |
_2ddc _cBK |
||